PL - Rozpoznaj stare przeboje po fragmencie tekstu Cz.1 - Statystyki

Ogólne statystyki
  • Ten quiz został rozwiązany 2 015 razy
  • Średni wynik to 34 z 70
Statystyki odpowiedzi
Pyt. Fragment utworu Wykonawca/Zespół % Poprawnych
* Tytuł piosenki >>>>> Baśka
86%
* Tytuł piosenki >>>>> Wehikuł
82%
* Tytuł piosenki >>>>> Czerwone Korale
81%
4) Że wazne sa tylko te dni, ktorych jeszcze nie znamy waznych jest kilka tych chwil, tych na ktore czekamy Pewien znany ktos, kto mial dom i sad zgubil nagle sens i w zle kregi wpadl choc majatek prysl, on nie stoczyl sie wytlumaczyc umial sobie wtedy wlasnie ze.... Marek Grechuta
78%
5) Baśka miała fajny biust, Ania styl, a Zośka coś co lubię. Ela całowała cudnie, nawet tuż po swoim ślubie z Kaśką można było konie kraść chociaż wiem, że chciała przeżyć ze mną swój pierwszy raz. Wilki
78%
* Tytuł piosenki >>>>> Dni ktorych nie znamy
76%
7) Lecz we mnie zostało coś z tamtych lat, Mój mały, intymny, muzyczny świat. Gdy tak wspominam ten miniony czas, Wiem jedno, że to nie poszło w las. Dużo bym dał, by przeżyć to znów - Wehikuł czasu - to byłby cud! Dżem
75%
* Tytuł piosenki >>>>> Małgośka
74%
* Tytuł piosenki >>>>> Autobiografia
73%
20) To był maj Pachniała Saska Kępa Szalonym zielonym bzem To był maj Gotowa była ta sukienka (...)Małgośka mówią mi On nie wart jednej łzy On nie jest wart jednej łzy Małgośka kochaj nas, na smutki przyjdzie czas Zaśpiewaj raz, zatańcz raz Maryla Rodowicz
72%
11) Miałem dzięsieć lat gdy usłyszał o nim świat w mej piwnicy był nasz klub, Kumpel radio zniósł (...) Pocztówkowy szał każdy z nas ich pięćset miał zamiast nowej pary jeans. A w sobotnią noc był Luksemburg, chata, szkło jakże się chciało żyć! Było nas trzech w każdym z nas inna krew, ale jeden przyświecał nam cel, za kilka lat mieć u stóp cały świat- wszystkiego w bród. Perfect
72%
* Tytuł piosenki >>>>> Sen o Warszawie
72%
17) Mam tak samo jak ty miasto moje a w nim najpiekniejszy moj swiat nejpiekniejsze dni zostawilem tam kolorowe sny Kiedys zatrzymam czas i na skrzydlach jak ptak, bede lecial co sil tam gdzie moje sny i warszawskie kolorowe dni Czesław Niemen
68%
2) I nawet kiedy będę sam Nie zmienię się, to nie mój świat Przede mną droga którą znam, Którą ja wybrałem sam Myslovitz
67%
* Tytuł piosenki >>>>> Mój jest ten kawałek podłogi
66%
* Tytuł piosenki >>>>> Otwieram Wino
65%
* Tytuł piosenki >>>>> Długość dźwięku samotności
63%
9) Dzieci wesoło wybiegły ze szkoły Zapaliły papierosy wyciągnęły flaszki Chodnik zapluły ludzi przepędziły (...)Wszyscy mamy źle w głowach że żyjemy Hej hej la la la la hej hej hej hej Elektryczne Gitary
63%
* Tytuł piosenki >>>>> Facet to Świnia
62%
* Tytuł piosenki >>>>> King Bruce Lee Karate Mistrz
62%
19) Jolka, Jolka, pamiętasz lato ze snu, Gdy pisałaś: "tak mi źle, Urwij się choćby zaraz, coś ze mną zrób, Nie zostawiaj tu samej, o nie". Żebrząc wciąż o benzynę, gnałem przez noc, Silnik rzęził ostatkiem sił, Aby być znowu w Tobie, śmiać się i kląć, Wszystko było tak proste w te dni. Budka Suflera
61%
* Tytuł piosenki >>>>> Kocham Cię jak Irlandię
61%
* Tytuł piosenki >>>>> Jak zapomnieć
59%
32) Ile dałbym by zapomnieć cię, wszystkie chwile te, które są na nie, bo chcę nie myśleć o tym już, zdmuchnąć wszystkie wspomnienia niczym zaległy kurz, tak już po prostu nie pamiętać sytuacji, w których serce klęka, wiem.... Jeden Osiem L
59%
* Tytuł piosenki >>>>> Tyle słońca w całym mieście
58%
* Tytuł piosenki >>>>> Brunetki blondynki
55%
23) Nie rycz, mała, nie rycz Ja znam te wasze numery Twoje łzy lecą mi na koszulę Z napisem _______ (...) Ja w klubie disko mogę robić wszystko Wyciągam damy spod opieki mamy I małolaty spod opieki taty Na bramce stoję, nikogo sie nie boję Ja jestem ________ .... Franek Kimono
55%
* Tytuł piosenki >>>>> Kibel
55%
* Tytuł piosenki >>>>> Śpiewać Każdy może
55%
* Tytuł piosenki >>>>> Gandzia
54%
35) Jak zwykle znów nie robisz nic Gazetę czytasz cały dzień Łaskawie czasem obiad zjesz Po domu snujesz się jak cień Ty z kolegami wolisz pić (...) Facet to świnia Mówisz, że ty o tym wiesz Choć ja się staram jak mogę Przez całe życie słyszę ten tekst Big Cyc
53%
34) Czerwone korale Czerwone niczym wino Korale z polnej jarzebiny I łzy dziewczyny I wielkie łzy Z miasta płaszcz i korale me On pochwalił i rzekł Że ze mną zatańczyć chce... Brathanki
53%
* Tytuł piosenki >>>>> Chodź pomaluj mój świat
53%
* Tytuł piosenki >>>>> O! Ela
53%
* Tytuł piosenki >>>>> Dzieci wybiegły
52%
* Tytuł piosenki >>>>> Jolka Jolka pamiętasz
51%
* Tytuł piosenki >>>>> Wszystko czego dziś chcę
51%
18) Dzień-wspomnienia lata dzień-słoneczne ćmy, nagle w tłumie w samym środku miasta ty, po prostu ty. (...) Szerokimi ulicami niosą szczęście zakochani- popatrz, o popatrz [Refren za dużo by powiedział :D] Anna Jantar
50%
* Tytuł piosenki >>>>> Nie liczę godzin i lat
50%
* Tytuł piosenki >>>>> Orła Cień
49%
* Tytuł piosenki >>>>> Załoga G
49%
33) Popatrz jak wszystko szybko się zmienia, coś jest, a później tego nie ma. Człowiek jest tylko sumą oddechów, wiec nie mów mi że jest jakiś sposób. Chciałbym coś wiedzieć teraz na pewno, to moja udręka, to jej sedno. wiem tylko, że wszystko się zmienia, coś jest a później tego nie ma. To nie ściema, każda historia ma swój dylemat (...) Otwieram wino ze swoją dziewczyną, chciałbym żeby ten czas nie przeminął nigdy nie przeminął, nigdy nie przeminął... Sidney Polak
47%
* Tytuł piosenki >>>>> Piła Tango
43%
* Tytuł piosenki >>>>> Miał być ślub
41%
12) Żoną miałam być, miał być ślub I wesele też, Już zaprosiłam gości, kapela z rodzinnych stron Miała tam grać polkę na dwa (...) Sukienka samotnie w szafie lśni Nie założy jej już nikt Nie dowie się czemu tak stało się Zamiast „tak" On powiedział "nie". Zamówiłam pogodę na ten dzień, a i tak znów padał deszcz Monika Brodka
41%
14) Gdzie oni są? Ci wszyscy moi przyjaciele -ele-ele-ele-ele-ele Zabrakło ich Choć zawsze było ich niewielu -elu-elu-elu-elu-elu Schowali się Po różnych mrocznych instytucjach -ucjach-ucjach-ucjach-ucjach-ucjach Pożarła ich Galopująca prostytucja -ucja-ucja-ucja-ucja-ucja Gdzie są moi przyjaciele Bojownicy z tamtych lat Zawsze było ich niewielu Teraz jestem sam Co to za pan Tak kulturalnie opowiada Republika
41%
31) Piszesz mi w liście, że kiedy pada, Kiedy nasturcje na deszczu mokną, Siadasz przy stole, wyjmujesz farby I kolorowe otwierasz okno. Trawy i drzewa są takie szare, Barwę popiołu przybrały nieba. (...) Więc chodź, pomaluj mi życie, Niech świat mój się zarumieni, Niechaj zalśni w pełnym słońcu, Kolorami całej ziemi. Dwa Plus Jeden
39%
26) Znikałaś gdzieś w domu nad Wisłą pamiętam to tak dokładnie twoich czarnych oczu bliskość wciąż kocham cię jak Irlandię (...) gdzieś na ulicy Fabrycznej spotkać się nam wypadnie lecz takie są widać wytyczne by kochać cię jak Irlandię Kobranocka
37%
28) Meble juz połamałem, Nowy ład zrobić chcę. Tynk ze ścian już zdrapałem, Zamurowac czas drzwi! (...) Mój jest ten kawalek podłogi, Nie mówcie mi więc, co mam robić! Mój jest ten kawałek podłogi, Nie mówcie mi więc, co mam robić! Mr Zoob
37%
21) Ledwo mnie znasz, Tyle juz masz, Planow jakbys wieki mnie znal (...) Wszystko czego dziś chcę, Pamietaj o tym Poleciec chce Tam i z powrotem Z ramion twych wprost Do nieba, do nieba Wszystko czego dzis chce Pamietaj o tym Doleciec raz Tam i z powrotem Wiecej mi nic Nie trzeba, nie trzeba Izabela Trojanowska
36%
* Tytuł piosenki >>>>> Nietykalni
36%
13) Grzesiek Kubiak, czyli Kuba rządził naszą podstawówką Po lekcjach na boisku ganiał za mną z cegłówką W Pile było jak w Chile każdy miał czerwone ryło Mniej lub bardziej to pamiętasz? spytaj jak to było (...) Statek Piła Tango Czarna bandera To tylko Piła Tango Tańczysz to teraz Płynie statek Piła Tango Czarna Bandera Ukłoń się świrom Żyj nie umieraj STRACHY NA LACHY
35%
24) Do góry wzbil sie niczym wiatr Niebo to jego swiat Z oblokiem tanczyl w swietle dnia Slyszal ludzki szept Krzyczal, ze wolnosc domem jest Nie ma konca drogi tej I ze nie wie co to gniew Przemierzal zycia sens Skrzydlami wital kazdy dzien Zataczal lady, morza lez Bezpamietnie gasil gniew Choc pamiec krotka jest Zostawila slów tych tresc Varius Manx
35%
16) Śpiewać każdy może, Trochę lepiej, lub trochę gorzej, Ale nie oto chodzi, Jak co komu wychodzi. Czasami człowiek musi, Inaczej się udusi, uuu (...) Stoję przy mikrofonie, Niech mnie który przegoni, Różne sceny, brygady, Już nie dadzą mi rady Bo ja się wcale nie chwalę Ja po prostu niestety mam talent. Jerzy Stuhr
34%
* Tytuł piosenki >>>>> Biała flaga
32%
3) Bywa że nie jestem szczery Czasem zwyczajnie kłamię Jestem próżny pazerny (...) Chciałbym być zawsze niewinny i prawdziwy Chciałbym być zawsze pełen wiary i nadziei Tak jak Bolek i Lolek Tytus, Romek i Atomek Dzieci z Bullerbyn Tomek na tropach yeti Tak jak król Maciuś pierwszy Asterix i Obelix Jak załoga G MacGyver i Pipi Hurt
32%
1) Dzień dobry maleńka,jak ci na imię * Zgubiłaś się w tym tłumie * Wyciągam do ciebie moją dłoń * Odpowiedź na wszystko się znajdzie * Labirynt wśród tylu korytarzy * Oszukałby Tezeusza * T.Love
28%
* Tytuł piosenki >>>>> Uważaj na niego
27%
22) Wschodami gwiazd i zachodami Odmierzam czas liści kolorami Odmierzam czas, nie używając dat. (...) To życie mija, nie ja. Bliżej gwiazd, bliżej dna Jestem wciąż taki sam, Wciąż ten sam. Nie liczę godzin i lat, To życie mija, nie ja. Z kilku dni w morzu dat Własny swój znaczę ślad... Andrzej Rybinski
26%
27) Byłaś naprawdę fajną dziewczyną I było nam razem naprawdę miło Lecz tamten to chłopak był bombowy Bo trafiał w dziesiątkę w strzelnicy sportowej (...) O! Ela, Straciłaś przyjaciela Może się wreszcie nauczysz Że miłości nie wolno odrzucić Pytałem, błagałem, ty nic nie mówiłaś Nie byłaś dla mnie już taka miła Chłopcy z Placu Broni
26%
25) Przyszła do mnie, nie wiem skąd Zawróciła w głowie tak dokładnie Teraz rozumiem, to jest to Jedna z nią noc i już przepadłem Gandzia O gandzia O gandzia O gandzia Patrzę wokoło i jest mi źle coraz więcej widzę i jeszcze więcej Muszę więc szybko z nią spotkać się Z gandzią życie będzie łatwiejsze Gandzia O gandzia O gandzia..... Oddział Zamknięty
26%
6) Brunetki, blondynki - ja wszystkie was dziewczynki Całować chcę, Lecz przyznam się o jednej tylko śnię Tą kochać chcę Bo ta jedyna, słodkousta ma dziecina Jej czar znam i dlatego Tylko jej jedynej serce dam! Jan Kiepura
18%
10) Uważaj na niego dziewczyny kolego, uważaj na niego - Uważaj na niego Jest z metra cięty prosto z Pani wyjęty Uważaj właśnie dlatego Jego oczy marzące, jego usta drwiące, jego aury pachnące - Uważaj na niego (...) Pokaż mi śniegi Zjedź ze mną po białej łące - [Podaj zespół nie wykonawcę] Pudelsi
17%
29) Jeden ogień, cicha burza w moim sercu w mojej duszy Ciemne oczy patrzą na mnie, gonią w locie moje sny Koło fortuny wciąż nie dla mnie toczy się A jednak wiem, że dostanę się na szczyt Czuję się jak ruchomy cel w ulicznej bójce Składam palce w pieść, nie poddaję się (...) Żadnych złudzeń i złych myśli, żadnych niepotrzebnych modlitw Mocno wierzę w swoją siłę, zachodzące we mnie zmiany Jedna odpowiedz, przeznaczenie każdej chwili Teraz już wiem, że jest tylko jedno wyjście Czuję się jak ruchomy cel w ulicznej bójce IRA
15%
* Tytuł piosenki >>>>> IV Liceum
12%
8) Kibel, Kibel, Kibel, Kibel, roznosi zarazki Kibel, Kibel, Kibel, Kibel, wylęgarnia muszek Kibel, Kibel, Kibel, Kibel, z kibla obrazki Kibel, Kibel, Kibel, Kibel, chyba się uduszę Kibel, Kibel, Kibel, Kibel, roznosi zarazki Formacja Nieżywych Schabuff
9%
30) Tak nietykalni jak profil chmur w jej oczach zal i ogien w nim gdy nietykalni przez miasto szli mieli swiat u swych stop, glowy posrod chmur te obloki niosly ich, setki spojrzen zlych ciezkich jak tony slow, chciales zciagnac je w dol gonil ich zimnych wzrok, kobiet w kwiecie lat (...) wroc relacje sam na sam, znam w miescie tyle miejsc dla nietykalnych jak my znow idac spojrz objeci w pol tak nietykalni jak profil chmur w jej oczach zal i ogien w nim tak nietykalni jak nasze sny znowu swiat jest w stop Papa Dance
9%
15) Słuchać w pełnym słońcu, jak pulsuje ziemia Uspokoić swoje serce, niczego już nie zmieniać I uwierzyć w siebie porzucając sny To twój bunt, który przemija a nie ty Nie wiesz nie wiesz nie rozumiesz nic ×2 Widzieć parę bobrów przytulonych nad potokiem Nie zabijać ich więcej cieszyć się widokiem Nie wyjadać ich wnętrzności nie wchodzić w ich skórę Stępić w sobie instynkt łowcy wtopić w naturę i Nie wiesz nie wiesz nie rozumiesz nic ×2 Buzu Squat
5%
* Tytuł piosenki >>>>> Nasze Przebudzenie
5%
* Tytuł piosenki >>>>> Nie Zatrzymam Się
4%
Nie znaleziono quizów pasujących do podanych kryteriów
Rozkład punktacji
Procent ludzi z każdym wynikiem
Percentyl według liczby udzielonych odpowiedzi
Twoja historia wyników
Nie rozwiązałeś tego quizu